• 首页
  • 本馆介绍
  • 公告通知
  • 最新文献
  • 馆藏检索
  • 电子资源
  • 读者导购
  • 参考咨询
  • 我的图书馆
  • 登录
  • 详细信息显示
  • 放入我的书架
  • 预约/预借图书
  • 作者相关作品
  • 分类相关作品
  • 丛书相关作品
  • 出版社相关作品

书目信息

  • 表格格式
  • 工作单格式
  • 卡片格式
题名:
城郊农村如何发展果业
    
 
作者: 王有年, 编著
分册:  
出版信息: 北京   金盾出版社  2008
页数: 114页, 4页图版
开本: 21cm
丛书名: 城郊新农村建设丛书
单 册:
中图分类: F326.13
科图分类:
主题词: 水果--种植业--经济发展--研究--中国
电子资源:
ISBN: 7-5082-3947-4
000 00981nam 2200253 450
001 2359119701
005 20231212162538.90
010    @a7-5082-3947-4@dCNY7.50
100    @a20070715d2008 ekmy0chiy50 ea
101 0  @achi
102    @aCN@b110000
105    @aaf a 000yy
200 1  @a城郊农村如何发展果业@Acheng jiao nong cun ru he fa zhan guo ye@f王有年, 谷继成编著
210    @a北京@c金盾出版社@d2008
215    @a114页, 4页图版@c彩图@d21cm
225 2  @a城郊新农村建设丛书@Acheng jiao xin nong cun jian she cong shu
320    @a有书目 (第95页)
330    @a本书主要介绍我国城郊果业的发展现状和发展趋势, 城郊果业利润产生的主要途径, 城郊果业的标准化生产技术, 城郊观光果园的规划与建园, 城郊果业的经营管理, 以及城郊果业的现代化发展方向等内容。
410  0 @12001 @a城郊新农村建设丛书
606 0  @a水果@x种植业@x经济发展@x研究@y中国
690    @aF326.13@v5
701  0 @a王有年,@Awang you nian@f1951-@4编著
801  0 @aCN@b湖北三新@c20090617
905    @aBZT@dF326.13@e1
    
    城郊农村如何发展果业/王有年, 谷继成编著.-北京:金盾出版社,2008
    114页, 4页图版:彩图;21cm.-(城郊新农村建设丛书)
    
    
    ISBN 7-5082-3947-4:CNY7.50
    本书主要介绍我国城郊果业的发展现状和发展趋势, 城郊果业利润产生的主要途径, 城郊果业的标准化生产技术, 城郊观光果园的规划与建园, 城郊果业的经营管理, 以及城郊果业的现代化发展方向等内容。
●
相关链接 在五车中查询图书 在当当中查询图书 在豆瓣中查询图书


正题名:城郊农村如何发展果业     索取号:F326.13/1         预约/预借

序号 登录号 条形码 馆藏地/架位号 状态 备注
1 2001444254   2001444254   516书库/ [索取号:F326.13/1] 在馆    
2 2001444255   2001444255   516书库/ [索取号:F326.13/1] 在馆    
3 2001444256   2001444256   516书库/ [索取号:F326.13/1] 在馆    
4 2001444257   2001444257   516书库/ [索取号:F326.13/1] 在馆    
5 2001444258   2001444258   516书库/ [索取号:F326.13/1] 在馆    
6 2001444259   2001444259   516书库/ [索取号:F326.13/1] 在馆    
7 2001444260   2001444260   516书库/ [索取号:F326.13/1] 在馆    
8 2001444261   2001444261   516书库/ [索取号:F326.13/1] 在馆    
9 2001444262   2001444262   516书库/ [索取号:F326.13/1] 在馆    
10 2001444263   2001444263   516书库/ [索取号:F326.13/1] 在馆    
11 2001444264   2001444264   516书库/ [索取号:F326.13/1] 在馆    
12 2001444265   2001444265   516书库/ [索取号:F326.13/1] 在馆    
13 2001444266   2001444266   516书库/ [索取号:F326.13/1] 在馆    
14 2001444267   2001444267   516书库/ [索取号:F326.13/1] 在馆    
15 2001444268   2001444268   516书库/ [索取号:F326.13/1] 在馆    
16 2001444269   2001444269   516书库/ [索取号:F326.13/1] 在馆    
17 2001444270   2001444270   516书库/ [索取号:F326.13/1] 在馆    
18 2001444271   2001444271   516书库/ [索取号:F326.13/1] 在馆    
19 2001444272   2001444272   516书库/ [索取号:F326.13/1] 在馆    
20 2001444273   2001444273   516书库/ [索取号:F326.13/1] 在馆    
21 2001444274   2001444274   516书库/ [索取号:F326.13/1] 在馆    
22 2001444275   2001444275   516书库/ [索取号:F326.13/1] 在馆    
23 2001444276   2001444276   516书库/ [索取号:F326.13/1] 在馆    
24 2001444277   2001444277   516书库/ [索取号:F326.13/1] 在馆    
25 2001444278   2001444278   516书库/ [索取号:F326.13/1] 在馆    
26 2001444279   2001444279   516书库/ [索取号:F326.13/1] 在馆    
27 2001444280   2001444280   516书库/ [索取号:F326.13/1] 在馆    
28 2001444281   2001444281   516书库/ [索取号:F326.13/1] 在馆    
29 2001444282   2001444282   516书库/ [索取号:F326.13/1] 在馆    
30 2001444283   2001444283   516书库/ [索取号:F326.13/1] 在馆    
山东省滨州职业学院图书馆 欢迎您!
大连网信软件有限公司© 版权所有